|
|
|
|
| LEADER |
01614cas a2200241 a 4500 |
| 001 |
AALejournalIMF009235 |
| 008 |
230101c9999 xx r poo 0 0eng d |
| 020 |
|
|
|c 5.00 USD
|
| 020 |
|
|
|z 9781451840582
|
| 022 |
|
|
|a 1934-7685
|
| 040 |
|
|
|a BD-DhAAL
|c BD-DhAAL
|
| 110 |
2 |
|
|a International Monetary Fund.
|
| 245 |
1 |
0 |
|a Vanuatu :
|b Selected Issues.
|
| 264 |
|
1 |
|a Washington, D.C. :
|b International Monetary Fund,
|c 2007.
|
| 300 |
|
|
|a 1 online resource (18 pages)
|
| 490 |
1 |
|
|a IMF Staff Country Reports
|
| 500 |
|
|
|a <strong>Off-Campus Access:</strong> No User ID or Password Required
|
| 500 |
|
|
|a <strong>On-Campus Access:</strong> No User ID or Password Required
|
| 506 |
|
|
|a Electronic access restricted to authorized BRAC University faculty, staff and students
|
| 520 |
3 |
|
|a This Selected Issues paper focuses on the reasons for the historically weak performance of Vanuatu. Among the key factors, growth has been hindered by substantial barriers to private sector development. Impediments include political uncertainty, high costs of doing business, poor and costly infrastructure, incomplete secured transactions framework, and weak land and property rights. Although these problems are not uncommon in the Pacific island region, Vanuatu's progress in these structural reforms has been particularly slow, deterring foreign investment and reducing external competitiveness.
|
| 538 |
|
|
|a Mode of access: Internet
|
| 830 |
|
0 |
|a IMF Staff Country Reports; Country Report ;
|v No. 2007/093
|
| 856 |
4 |
0 |
|z Full text available on IMF
|u http://elibrary.imf.org/view/journals/002/2007/093/002.2007.issue-093-en.xml
|z IMF e-Library
|